| Tag |
First Indicator |
Second Indicator |
Subfields |
| LEADER |
00000cam a2200000 a 4500 |
| 001 |
in00000020052 |
| 005 |
20151007053815.0 |
| 008 |
870812s1987 wb a 10000 eng |
| 010 |
|
|
|a 87022706
|
| 020 |
|
|
|a 0387174532 (U.S.)
|
| 035 |
|
|
|a (OCoLC)16680954
|
| 035 |
|
|
|9 AAB2884AM
|
| 040 |
|
|
|a DLC
|c DLC
|d TXA
|d UtOrBLW
|
| 049 |
|
|
|a TXAM
|c [A11085141]
|
| 050 |
0 |
0 |
|a QA913
|b .B64 1987
|
| 082 |
0 |
|
|a 532/.0527
|2 19
|
| 245 |
0 |
0 |
|a Boundary-layer separation :
|b proceedings of the IUTAM symposium, London, August 26-28, 1986 /
|c F.T. Smith, S.N. Brown, eds.
|
| 264 |
|
1 |
|a Berlin ;
|a New York :
|b Springer-Verlag,
|c [1987]
|
| 264 |
|
4 |
|c ©1987
|
| 300 |
|
|
|a xvi, 412 pages :
|b illustrations ;
|c 24 cm.
|
| 336 |
|
|
|a text
|b txt
|2 rdacontent
|
| 337 |
|
|
|a unmediated
|b n
|2 rdamedia
|
| 338 |
|
|
|a volume
|b nc
|2 rdacarrier
|
| 500 |
|
|
|a At head of title: International Union of Theoretical and Applied Mechanics.
|
| 500 |
|
|
|a Proceedings of the IUTAM Symposium on Boundary-Layer Separation, held at University College, London and sponsored by the International Union of Theoretical and Applied Mechanics.
|
| 650 |
|
0 |
|a Turbulent boundary layer
|v Congresses.
|
| 650 |
|
0 |
|a Fluid dynamics
|v Congresses.
|
| 700 |
1 |
|
|a Smith, F. T.
|q (Frank T.),
|d 1948-
|
| 700 |
1 |
|
|a Brown, S. N.
|q (Susan N.),
|d 1937-
|
| 711 |
2 |
|
|a IUTAM Symposium on Boundary-Layer Separation
|d (1986 :
|c London, England)
|
| 710 |
2 |
|
|a International Union of Theoretical and Applied Mechanics.
|
| 999 |
|
|
|a MARS
|
| 999 |
f |
f |
|s 7b8302b4-2577-391d-bc73-e17cc342ebf9
|i 16682a6b-4413-31c4-920b-03eee6f0788e
|t 0
|
| 952 |
f |
f |
|p normal
|a Texas A&M University
|b College Station
|c Sterling C. Evans Library
|d Evans: Library Stacks
|t 0
|e QA913 .B64 1987
|h Library of Congress classification
|i unmediated -- volume
|m A14811085141
|
| 998 |
f |
f |
|a QA913 .B64 1987
|t 0
|l Evans: Library Stacks
|